000 00367nam a2200145Ia 4500
008 151213s9999 xx 000 0 und d
100 _aPhiliph Kottlar
245 _aAnthropology
_cPhiliph Kottlar
260 _aBostom,
_bMc Graw Hill
_c2002
300 _a1982 p.
650 _aSocial Science
650 _aSocial Science
700 _aPhiliph Kottlar
999 _c1449
_d1449